| 000 | 00498nam a2200181 a 4500 | ||
|---|---|---|---|
| 005 | 20140310183518.0 | ||
| 008 | 110201s19uu xx 00 eng d | ||
| 020 | _a9710861921 | ||
| 050 |
_aNK 2113.5 _b.B933 2002 |
||
| 100 | _aBulaong, Joselito | ||
| 245 |
_aDrawing scrapbook : _bschematic studies / |
||
| 260 |
_aMandaluyong City : _bNBS, _c2002. |
||
| 300 |
_a162 p. : _bill. ; col. ; _c22 cm. |
||
| 521 | _aMA | ||
| 650 |
_aDrawing _vTechniques. |
||
| 942 |
_cBK _2lcc _kLOC |
||
| 999 |
_c24338 _d24338 |
||